What teenagers wish their parents knew about kids. (Record no. 14708)

000 -LEADER
fixed length control field 00694nam a2200217 a 4500
001 - CONTROL NUMBER
control field :::00012541$&:&@@
003 - CONTROL NUMBER IDENTIFIER
control field OkBaRHE
005 - DATE AND TIME OF LATEST TRANSACTION
control field 20000607103420.0
008 - FIXED-LENGTH DATA ELEMENTS--GENERAL INFORMATION
fixed length control field s1982 j 000 0 eng u
040 ## - CATALOGING SOURCE
Transcribing agency
100 1# - MAIN ENTRY--PERSONAL NAME
Personal name Ridenour, Fritz.
245 10 - TITLE STATEMENT
Title What teenagers wish their parents knew about kids.
260 ## - PUBLICATION, DISTRIBUTION, ETC. (IMPRINT)
Place of publication, distribution, etc Waco, TX., :
Name of publisher, distributor, etc Word Books
Date of publication, distribution, etc c1982
300 ## - PHYSICAL DESCRIPTION
Extent 222 p. : illus. ;
Dimensions 22 cm.
650 ## - SUBJECT ADDED ENTRY--TOPICAL TERM
Topical term or geographic name as entry element Adolescence
650 ## - SUBJECT ADDED ENTRY--TOPICAL TERM
Topical term or geographic name as entry element Parent and Child
General subdivision United States
650 ## - SUBJECT ADDED ENTRY--TOPICAL TERM
Topical term or geographic name as entry element Parenting
General subdivision United States
650 ## - SUBJECT ADDED ENTRY--TOPICAL TERM
Topical term or geographic name as entry element Youth
General subdivision United States
-- Attitudes
942 ## - ADDED ENTRY ELEMENTS (KOHA)
Source of classification or shelving scheme
Koha item type Books
Copies
Barcode Price effective from Shelving location Permanent Location Lost status Source of classification or shelving scheme Withdrawn status Not for loan Koha item type Copy number Date acquired Date last seen Full call number Damaged status
125412010-04-14General StacksRHEMA Bible Training College    Books12010-04-142010-04-14HQ 755.85 .R53